Statistics for Countries Closest to Qatar by first two letters

Click here to take the quiz!

General Stats

  • This quiz has been taken 59 times
  • The average score is 13 of 20

Answer Stats

km country miles % Correct
0Saudi Arabia0
96%
618Yemen384
93%
31United Arab
Emirates
20
89%
187Iran116
89%
493Iraq306
89%
420Oman261
87%
1Bahrain1
85%
1620Israel1007
76%
379Kuwait236
72%
1370Turkey852
67%
1371Jordan852
67%
1426Turkmenistan886
67%
1340Syria833
67%
1005Pakistan625
63%
1020Afghanistan634
57%
1382Azerbaijan859
39%
1555Djibouti967
37%
1378Somalia856
35%
1473Eritrea915
33%
1460Sudan907
28%

Score Distribution

Percentile by Number Answered

Percent of People with Each Score

Your Score History

You have not taken this quiz